| 000 | 00433cam a2200169ua 4500 | ||
|---|---|---|---|
| 020 | _c1.50 | ||
| 041 |
_amal _h |
||
| 082 |
_a894.812 _bPAR/SA |
||
| 100 | _aParameswaran, S . | ||
| 245 |
_aSasthra saudham / _cS Parameswaran. _hTextual Documents |
||
| 260 |
_aKottayam : _bSahitya Parishad Co Operative Society Limited , _c1957. |
||
| 300 | _a146 ; . | ||
| 365 | _a1.50 | ||
| 504 | _a | ||
| 942 | _cBK | ||
| 999 |
_c6310 _d6310 |
||